banner-ar

100 CASES FOR STUDENTS OF MEDICINE / (Record no. 20346)

MARC details
000 -الفاتح
حقل البيانات ثابتة الطول 00572nam a2200217Ia 4500
008 - عناصر البيانات ثابتة الطول - معلومات عامة
حقل البيانات ثابتة الطول 140319s9999 xx 000 0 eng d
040 ## - مصدر الفهرسة
وكالة الفهرسة الأصلية GCL /
وكالة النسخ GCL
082 04 - رقم تصنيف ديوى العشرى
رقم التصنيف 610.7
رقم المادة G C
100 1# - المدخل الرئيسى - إسم شخصى
الإسم الشخصى GORDON, DAVID
245 10 - بيان العنوان
العنوان 100 CASES FOR STUDENTS OF MEDICINE /
بيان المسئوليه,etc GORDON, DAVID
700 1# - المدخل الاضافى - اسم شخصى
الإسم الشخصى GILLMER,MICHAEL.D.
260 ## - PUBLICATION, DISTRIBUTION, ETC. (IMPRINT)
تاريخ النشر أو التوزيع 1992
300 ## - الوصف المادى
التعداد 205 P
490 ## - بيان السلسلة
عنوان السلسلة INTERNATIONAL STUDENT EDITION
رقم المجلد/ التعيين التسلسلي 0
650 04 - المدخل الاضافى بالموضوع-مصطلح موضوعى
مصطلح موضوعي PHYSICIANS
650 04 - المدخل الاضافى بالموضوع-مصطلح موضوعى
مصطلح موضوعي MEDICINE
650 04 - المدخل الاضافى بالموضوع-مصطلح موضوعى
مصطلح موضوعي GYNECOLOGY
650 04 - المدخل الاضافى بالموضوع-مصطلح موضوعى
مصطلح موضوعي OBSTETRICS
942 ## - عناصر المدخل الإضافي( كوها)
مصدر التصنيف او مخطط الترفيف Dewey Decimal Classification
Koha [default] item type كتاب
260 ## - PUBLICATION, DISTRIBUTION, ETC. (IMPRINT)
-- [S.N] :
-- CHURCHILL LIVINGSTONE ،
Holdings
حالة التراجع حالة الفقد حالة تلف ليس للاعارة المكان المؤقت الموقع الحالى تاريخ الاكتساب اجمالي اﻻعارات رقم الطلب الباركود تاريخ اخر مشاهدة تاريخ تفعيل السعر نوع وعاء كوها
        مكتبة القاهرة الكبرى مكتبة القاهرة الكبرى 03/26/2014   610.7\G C 38203 03/26/2014 03/26/2014 كتاب

Powered By

EGPV